<?xml version="1.0" encoding="UTF-8"?>
<record
    xmlns:xsi="http://www.w3.org/2001/XMLSchema-instance"
    xsi:schemaLocation="http://www.loc.gov/MARC21/slim http://www.loc.gov/standards/marcxml/schema/MARC21slim.xsd"
    xmlns="http://www.loc.gov/MARC21/slim">

  <leader>04041nam a2200397 a 4500</leader>
  <controlfield tag="003">CHAP</controlfield>
  <controlfield tag="005">20250506110334.0</controlfield>
  <controlfield tag="007">ta</controlfield>
  <controlfield tag="008">231025s2022    mx ado|fom||| 001 0 spa d</controlfield>
  <datafield tag="040" ind1=" " ind2=" ">
    <subfield code="e">rda</subfield>
  </datafield>
  <datafield tag="041" ind1=" " ind2=" ">
    <subfield code="a">spa</subfield>
    <subfield code="b">eng</subfield>
  </datafield>
  <datafield tag="100" ind1="1" ind2=" ">
    <subfield code="9">188201</subfield>
    <subfield code="a">Calder&#xF3;n Osorio, Edwin Sa&#xFA;l</subfield>
  </datafield>
  <datafield tag="240" ind1="1" ind2="0">
    <subfield code="a">Profitability of the production chain and characterization of all spice producers (Pimienta dioica L. Merril) in Catemaco, Veracruz.</subfield>
    <subfield code="l">Espa&#xF1;ol</subfield>
  </datafield>
  <datafield tag="245" ind1="1" ind2="0">
    <subfield code="a">Rentabilidad de la cadena de producci&#xF3;n y caracterizaci&#xF3;n de los productores de pimienta (Pimienta dioica l. Merril) en Catemaco, Veracruz / </subfield>
    <subfield code="c">Edwin Sa&#xFA;l Calder&#xF3;n Osorio</subfield>
  </datafield>
  <datafield tag="264" ind1=" " ind2=" ">
    <subfield code="a">Chapingo, M&#xE9;xico :</subfield>
    <subfield code="b">El autor,</subfield>
    <subfield code="c">2022</subfield>
  </datafield>
  <datafield tag="300" ind1=" " ind2=" ">
    <subfield code="a">1 recurso en l&#xED;nea (115 p&#xE1;ginas) :</subfield>
    <subfield code="b">ilustraciones, tablas, gr&#xE1;ficas, fotos</subfield>
  </datafield>
  <datafield tag="336" ind1=" " ind2=" ">
    <subfield code="2">rdacontent</subfield>
    <subfield code="a">texto</subfield>
    <subfield code="b">txt</subfield>
  </datafield>
  <datafield tag="337" ind1=" " ind2=" ">
    <subfield code="2">rdamedia</subfield>
    <subfield code="a">computadora</subfield>
    <subfield code="b">c</subfield>
  </datafield>
  <datafield tag="338" ind1=" " ind2=" ">
    <subfield code="2">rdacarrier</subfield>
    <subfield code="a">recurso en l&#xED;nea</subfield>
    <subfield code="b">cr</subfield>
  </datafield>
  <datafield tag="502" ind1=" " ind2=" ">
    <subfield code="a">Tesis</subfield>
    <subfield code="b">IA</subfield>
    <subfield code="c">Agroindustrias</subfield>
    <subfield code="d">2022</subfield>
    <subfield code="g">LIC</subfield>
  </datafield>
  <datafield tag="504" ind1=" " ind2=" ">
    <subfield code="a">Bibliograf&#xED;a: p&#xE1;ginas 69-82</subfield>
  </datafield>
  <datafield tag="520" ind1="3" ind2=" ">
    <subfield code="a">The present study whose purpose was to evaluate the profitability of the allspice production chain Through the application of the Policy Analysis Matrix (MAP), analyzing each of the actors that make It up, using the information obtained from the semi-structured interview of 16 producers, and 3 Nurseries through convenience sampling, during constant visits to various communities in the Municipality of Catemaco, Veracruz. The present methodologically used documentary systematic Research, interviews, and the Policy Analysis Matrix (MAP). Therefore, the level of interaction Between actors in the production chain was observed; producers, agro-industry, the market, civil Associations, and national government agencies and educational institutions, the profitability of the Chain, according to the values obtained from the fifth year of cultivation, and its competitiveness Through RCP values lower than the unit (0.66 and 0.67), for the two cases without technology and With use of technology. Finally, describing the highly profitable and competitive chain.</subfield>
  </datafield>
  <datafield tag="520" ind1="3" ind2=" ">
    <subfield code="a">El presente estudio cuyo prop&#xF3;sito fue evaluar la rentabilidad de la cadena de producci&#xF3;n de pimienta gorda a trav&#xE9;s de la aplicaci&#xF3;n de la Matriz de An&#xE1;lisis de Pol&#xED;tica (MAP), analizando a cada uno de los actores que la conforman, utilizando la informaci&#xF3;n obtenida de la entrevista semiestructurada a de 16 productores, y 3 viveros a trav&#xE9;s de un muestreo a conveniencia, durante visitas constante a varias comunidades del municipio de Catemaco, Veracruz. El presente utilizo de manera metodol&#xF3;gica la investigaci&#xF3;n sistem&#xE1;tico documental, entrevista, y la Matriz de An&#xE1;lisis de Pol&#xED;tica (MAP). Por lo tanto, se observ&#xF3; el nivel de interacci&#xF3;n entre actores de la cadena productiva; productores, agroindustria, mercado, asociaciones civiles, y organismos gubernamentales nacionales e instituciones de educaci&#xF3;n, la rentabilidad de la cadena, conforme a los valores obtenidos a partir del quinto a&#xF1;o de cultivo, y su competitividad a trav&#xE9;s de los valores de RCP menores a la unidad (0.66 y 0.67), para los dos casos sin tecnolog&#xED;a y con uso de tecnolog&#xED;a. Finalmente, describiendo a la cadena altamente rentable y competitiva.</subfield>
  </datafield>
  <datafield tag="650" ind1="1" ind2="3">
    <subfield code="9">88083</subfield>
    <subfield code="a">Pimenta di&#xF3;ica</subfield>
    <subfield code="2">atg</subfield>
  </datafield>
  <datafield tag="650" ind1="1" ind2="3">
    <subfield code="9">88083</subfield>
    <subfield code="a">Pimenta di&#xF3;ica</subfield>
    <subfield code="x">Calidad del producto</subfield>
    <subfield code="2">atg</subfield>
  </datafield>
  <datafield tag="650" ind1="1" ind2="3">
    <subfield code="9">88083</subfield>
    <subfield code="a">Pimenta di&#xF3;ica</subfield>
    <subfield code="x">Tecnolog&#xED;a de producci&#xF3;n</subfield>
    <subfield code="2">atg</subfield>
  </datafield>
  <datafield tag="650" ind1="1" ind2="3">
    <subfield code="9">88083</subfield>
    <subfield code="a">Pimenta di&#xF3;ica</subfield>
    <subfield code="x">Industria y comercio</subfield>
    <subfield code="2">atg</subfield>
  </datafield>
  <datafield tag="650" ind1="1" ind2="3">
    <subfield code="9">88083</subfield>
    <subfield code="a">Pimenta di&#xF3;ica</subfield>
    <subfield code="x">Product quality</subfield>
    <subfield code="2">atg</subfield>
  </datafield>
  <datafield tag="650" ind1="1" ind2="3">
    <subfield code="9">88083</subfield>
    <subfield code="a">Pimenta di&#xF3;ica</subfield>
    <subfield code="x">Production technology</subfield>
    <subfield code="2">atg</subfield>
  </datafield>
  <datafield tag="650" ind1="1" ind2="3">
    <subfield code="9">88083</subfield>
    <subfield code="a">Pimenta di&#xF3;ica</subfield>
    <subfield code="x">Industry and trade</subfield>
    <subfield code="2">atg</subfield>
  </datafield>
  <datafield tag="700" ind1="1" ind2=" ">
    <subfield code="9">147338</subfield>
    <subfield code="a">Reyna Izaguirre, Diana Am&#xE9;rica</subfield>
    <subfield code="e">directora</subfield>
  </datafield>
  <datafield tag="700" ind1="1" ind2=" ">
    <subfield code="9">83275</subfield>
    <subfield code="a">Oma&#xF1;a Silvestre, Jos&#xE9; Miguel</subfield>
    <subfield code="e">asesor</subfield>
  </datafield>
  <datafield tag="700" ind1="1" ind2=" ">
    <subfield code="9">148600</subfield>
    <subfield code="a">Mart&#xED;nez Mosqueda, Francisco</subfield>
    <subfield code="e">asesor</subfield>
  </datafield>
  <datafield tag="856" ind1=" " ind2=" ">
    <subfield code="u">http://10.13.5.2/tesis/tl/2022-CALDERON_OSORIO_EDWIN_SAUL.pdf</subfield>
    <subfield code="z">DESCARGAR PDF</subfield>
  </datafield>
  <datafield tag="942" ind1=" " ind2=" ">
    <subfield code="2">Clasificaci&#xF3;n Universidad Aut&#xF3;noma Chapingo</subfield>
    <subfield code="c">TD</subfield>
  </datafield>
  <datafield tag="999" ind1=" " ind2=" ">
    <subfield code="c">219325</subfield>
    <subfield code="d">219325</subfield>
  </datafield>
  <datafield tag="952" ind1=" " ind2=" ">
    <subfield code="0">0</subfield>
    <subfield code="1">0</subfield>
    <subfield code="2">local</subfield>
    <subfield code="4">0</subfield>
    <subfield code="7">0</subfield>
    <subfield code="8">TesDigL</subfield>
    <subfield code="a">IA_</subfield>
    <subfield code="b">IA_</subfield>
    <subfield code="c">E_L</subfield>
    <subfield code="d">2023-10-25</subfield>
    <subfield code="e">El autor</subfield>
    <subfield code="l">0</subfield>
    <subfield code="p">1201013804</subfield>
    <subfield code="r">2023-10-25 00:00:00</subfield>
    <subfield code="w">2023-10-25</subfield>
    <subfield code="y">TD</subfield>
  </datafield>
  <datafield tag="952" ind1=" " ind2=" ">
    <subfield code="0">0</subfield>
    <subfield code="1">0</subfield>
    <subfield code="2">local</subfield>
    <subfield code="4">0</subfield>
    <subfield code="5">1</subfield>
    <subfield code="7">0</subfield>
    <subfield code="8">TesDigL</subfield>
    <subfield code="a">BD</subfield>
    <subfield code="b">BD</subfield>
    <subfield code="c">E_L</subfield>
    <subfield code="d">2025-02-27</subfield>
    <subfield code="l">0</subfield>
    <subfield code="o">Tesis digital</subfield>
    <subfield code="r">2025-02-27 08:56:07</subfield>
    <subfield code="w">2025-02-27</subfield>
    <subfield code="y">TD</subfield>
  </datafield>
</record>
